<?xml version="1.0" encoding="UTF-8"?><?xml-stylesheet type="text/xsl" href="static/style.xsl"?><OAI-PMH xmlns="http://www.openarchives.org/OAI/2.0/" xmlns:xsi="http://www.w3.org/2001/XMLSchema-instance" xsi:schemaLocation="http://www.openarchives.org/OAI/2.0/ http://www.openarchives.org/OAI/2.0/OAI-PMH.xsd"><responseDate>2026-06-01T01:09:58Z</responseDate><request verb="GetRecord" identifier="oai:riuma.uma.es:10630/23655" metadataPrefix="marc">https://riuma.uma.es/rest/oai/request</request><GetRecord><record><header><identifier>oai:riuma.uma.es:10630/23655</identifier><datestamp>2026-02-03T10:45:32Z</datestamp><setSpec>com_10630_2499</setSpec><setSpec>com_10630_598</setSpec><setSpec>col_10630_2500</setSpec></header><metadata><record xmlns="http://www.loc.gov/MARC21/slim" xmlns:dcterms="http://purl.org/dc/terms/" xmlns:doc="http://www.lyncode.com/xoai" xmlns:xsi="http://www.w3.org/2001/XMLSchema-instance" xsi:schemaLocation="http://www.loc.gov/MARC21/slim http://www.loc.gov/standards/marcxml/schema/MARC21slim.xsd">
   <leader>00925njm 22002777a 4500</leader>
   <datafield ind2=" " ind1=" " tag="042">
      <subfield code="a">dc</subfield>
   </datafield>
   <datafield ind2=" " ind1=" " tag="720">
      <subfield code="a">Bustamante Rodríguez, Antonio Tomás</subfield>
      <subfield code="e">author</subfield>
   </datafield>
   <datafield ind2=" " ind1=" " tag="260">
      <subfield code="c">2011</subfield>
   </datafield>
   <datafield ind2=" " ind1=" " tag="520">
      <subfield code="a">Este artículo es una crónica de las XII Jornadas Españolas de Documentación, Fesabid’11 celebradas en Málaga en el mes de mayo. Desde la decisión de celebrar este evento en la ciudad andaluza coincidiendo con el 30 aniversario de la Asociación Andaluza de Bibliotecarios hasta llegar a unas conclusiones de todo lo acontecido en este evento, pasando por el desarrollo de las distintas sesiones que sirvieron para seguir avanzando en la profesión.</subfield>
   </datafield>
   <datafield ind1="8" ind2=" " tag="024">
      <subfield code="a">Mi biblioteca: La revista del mundo bibliotecario, ISSN 1699-3411, Nº. 26, 2011, págs. 36-38</subfield>
   </datafield>
   <datafield ind1="8" ind2=" " tag="024">
      <subfield code="a">1699-3411</subfield>
   </datafield>
   <datafield ind1="8" ind2=" " tag="024">
      <subfield code="a">https://hdl.handle.net/10630/23655</subfield>
   </datafield>
   <datafield tag="653" ind2=" " ind1=" ">
      <subfield code="a">Federación Federación Española de Sociedades de Archivística, Biblioteconomía y Documentación</subfield>
   </datafield>
   <datafield tag="653" ind2=" " ind1=" ">
      <subfield code="a">Bibliotecas - Congresos</subfield>
   </datafield>
   <datafield tag="653" ind2=" " ind1=" ">
      <subfield code="a">Asociaciones profesionales</subfield>
   </datafield>
   <datafield ind2="0" ind1="0" tag="245">
      <subfield code="a">Fesabid'11: crónica de la trayectoria de un congreso triple</subfield>
   </datafield>
</record>
</metadata></record></GetRecord></OAI-PMH>